000 00306nam a22001337a 4500
008 170303b xxu||||| |||| 00| 0 eng d
020 _a9780632043699
041 _aeng
080 _a575
100 _a8
101 _ashm
245 _aMoleculae and genetics analysis of human traits
942 _2udc
_cBK
999 _c6758
_d6758